01772agaaa2200313 45000010005000000030009000050050017000140070009000310080040000400400023000800410013001031000047001161300015001632400020001782450163001982460013003612500022003742600100003963000033004965080143005295110088006725200437007605380016011975460013012136500056012267000059012827000061013417000056014021969IT-RoPAU20220918181243.0d cvaizq50131s9999||||xx ||| | || ||und|| aIT-RoPAUcIT-RoPAU aITALIANO aBergman IngmargCodice regista SPICS: 9304 aVOLTO (IL) aANSIKTETgT0682 aVOLTO (IL)cProdotto da: Svensk Filmindustri -- Sceneggiatura: Ingmar Bergman -- Diretto da: Bergman IngmarpVOLTO (IL) (Rif. Codice opera principale : 71969) aANSIKTET aEdizione Standard a(SVEZIA)bSVENSK / Distribuzione: MASTER VIDEOg"1958 (1° ed.: 1988 ; Ed. Lingua Orig.: 1958)" aVHSbsonoro, col.c98 minuti a"Fotografia: Gunnar Fischer; Montaggio: Oscar Rosande; Musica: Nordgren Erik; Sceneggiatura: Ingmar Bergman; Scenografia: Ludgreen P.A.; " a"Max-Von-Sydow; Ingrid-Thulin; Gunnar-Bjornstrand; Bibi-Andersson; Maima-Wifstrand" aALTRO-INTERPRETE-ERLAND-JOSEPHSON TEMATICHE: PROBLEMI-SPIRITUALI-DELL'ESISTENZA BERGMAN-E-IL-CINEMA-NORDICO FEDE-E-RAGIONE-A-CONFRONTOPREMIO SPECIALE DELLA GIURIA PER L'ORIGINALITA' POETICA E LA RAFFINATEZZA FORMALE, VENEZIA 1959 PREMIO PASINETTI E PREMIO TARGA DEL CINEMA NUOVOVITA VISTA COME COSTANTE E AFFANNOSA RICERCA DELLA VERITA' E DI DIO AMORE CHE ATTUTISCE L'ANGOSCIA DELL'INCERTEZZA E FACILITA IL CAMMINO VERSO LA SCOPERTA aPAL, STEREO aITALIANO aDRAMMATICOeFILMS [VHS]xCodice MATERIA SPICS: 9960 aBergman Ingmar e(regista)gCodice regista SPICS: 9304 aBergman Ingmar e(soggetto)gCodice Soggetto SPICS: 9304 aNordgren Erike(musica)gCodice Musica SPICS: 25396